| 000 -ლიდერი |
| ფიქსირებული სიგრძის საკონტროლო ველი |
01022nam a22002057a 4500 |
| 003 - საკონტროლო ნომრის იდენტიფიკატორი |
| საკონტროლო ველი |
Ge_BSU |
| 005 - ბოლო ოპერაციის თარიღი და დრო |
| საკონტროლო ველი |
20250930164347.0 |
| 008 - ფიქსირებული სიგრძის მონაცემთა ელემენტები - ზოგადი ინფორმაცია |
| ფიქსირებული სიგრძის საკონტროლო ველი |
250930s1971 ge ||||| |||| 00| 0 geo d |
| 041 ## - ენის კოდი |
| Language code of text/sound track or separate title |
geo |
| 080 ## - უნივერსალური ათობითი კლასიფიკაციის ინდექსი |
| Universal Decimal Classification number |
635:338.436(479.22) ჭ-34 |
| 100 ## - მთავარი ჩანაწერი - პიროვნების სახელი |
| Personal name |
ჭელიძე, სერგო |
| 9 (RLIN) |
25908 |
| 245 ## - ცნობა სათაურის შესახებ |
| Title |
ბოსტნეული-ბაღჩეული პროდუქციის წარმოების გადაადგილება და სპეციალიზაცია / |
| Statement of responsibility, etc |
სერგო ჭელიძე. |
| 264 ## - წარმოების, გამოცემის, დისტრიბუციის და სხვა ცნობები |
| გამოცემის, წარმოების, დისტრიბუციის... ადგილი |
თბილისი : |
| გამოცემის, წარმოების, დისტრიბუციის... სახელწოდება |
საბჭ. საქართველო, |
| გამოცემის, წარმოების, დისტრიბუციის... თარიღი |
1971. |
| 300 ## - ფიზიკური აღწერა |
| Extent |
81 გვ. : |
| Other physical details |
ილ. ; |
| Dimensions |
20 სმ |
| 653 ## - INDEX TERM--UNCONTROLLED |
| Uncontrolled term |
მებოსტნეობა |
| 653 ## - INDEX TERM--UNCONTROLLED |
| Uncontrolled term |
მებაღჩეობა |
| 653 ## - INDEX TERM--UNCONTROLLED |
| Uncontrolled term |
სოფლის მეურნეობის გადაადგილება. |
| 653 ## - INDEX TERM--UNCONTROLLED |
| Uncontrolled term |
სოფლის მეურნეობის სპეციალიზაცია |
| 942 ## - ADDED ENTRY ELEMENTS (KOHA) |
| Source of classification or shelving scheme |
|
| Koha item type |
წიგნი |